| 000 | 00514nam a2200193Ia 4500 | ||
|---|---|---|---|
| 005 | 20260429112228.0 | ||
| 008 | 260429s9999||||xx |||||||||||||| ||und|| | ||
| 020 | _a9781032855363 | ||
| 041 | _aEnglish | ||
| 082 |
_a344.0952 _bBHA |
||
| 100 | _aBhat B., Sandeepa | ||
| 245 | 0 |
_aSpace tourism : _blegal and policy aspects / _cSandeepa Bhat B. |
|
| 260 |
_aLondon : _bRoutledge, _c2024. |
||
| 300 | _axiv, 227 p.; pbk | ||
| 650 | _a Legal aspects | ||
| 650 | _a Space tourism | ||
| 650 | _aLaw | ||
| 942 | _cTB | ||
| 999 |
_c53009 _d53009 |
||